00749nam a22002171 450000100060000000300080000600500170001400800390003103500190007003500180008904000390010704100080014608200220015424501040017626000510028030000760033150400200040765000340042765100360046170000340049723923BD-RjUL20211209001003.0140312r19511947nyuabdf 001 0 eng a(BD-RjUL)23988 a(OCoLC)288222 aDLCcOYUdOCoLCdDLCdBD-RjULbeng aeng a330.994bAUS 195100aAustralia :bits resources and development /cedited by G.L.Wood, with a foreword by W.S. Robinson. aNew York,bMacmillan,cc1947 [Reprinted 1951]. axvii, 334 p. :bill. (maps, charts) diagrs., profile. plates. ;c22 cm. aIncludes index. 0aNatural resourceszAustralia. 0aAustraliaxEconomic conditions.1 aWood, G. L.q(Gordon Leslie),